书目信息 |
| 题名: |
日常接触
|
|
| 作者: | 戈夫曼 著 ;徐江敏 译 | |
| 分册: | ||
| 出版信息: | 北京 华夏出版社 1990 |
|
| 页数: | 144页 | |
| 开本: | 20cm | |
| 丛书名: | 二十世纪文库 | |
| 单 册: | ||
| 中图分类: | C91-06 | |
| 科图分类: | ||
| 主题词: | 社会学学派 , 社会学学派--研究 | |
| 电子资源: | ||
| ISBN: | 7-80053-585-1 | |
| 000 | 00672nam0 2200241 45 | |
| 001 | 0405061497 | |
| 005 | 20050610103613.3 | |
| 010 | @a7-80053-585-1@dCNY3.25 | |
| 100 | @a20040506d1990 km y0chiy0120 ea | |
| 101 | 0 | @achi |
| 105 | @a z 000yy | |
| 200 | 1 | @a日常接触@ARi Chang Jie Chu@f(美)戈夫曼著@F(Mei)Ge Fu Man Zhu@g徐江敏等译 |
| 210 | @a北京@c华夏出版社@d1990 | |
| 215 | @a144页@d20cm | |
| 225 | @a二十世纪文库 | |
| 410 | @12001 @a二十世纪文库 | |
| 606 | 0 | @a社会学学派 |
| 606 | 0 | @a社会学学派@x研究 |
| 690 | @aC91-06@v3 | |
| 701 | 0 | @a戈夫曼@4著 |
| 702 | 0 | @a徐江敏@AXu Jiang Min@4译 |
| 801 | @aCN@bPftUser@c20040506 | |
| 905 | @dC91-06@e173@f1@b257503 | |
| 日常接触/(美)戈夫曼著/徐江敏等译.-北京:华夏出版社,1990 |
| 144页;20cm.-(二十世纪文库) |
| ISBN 7-80053-585-1:CNY3.25 |
| ● |
| 相关链接 |
|
|
|
|
正题名:日常接触
索取号:C91-06/173
 
预约/预借
| 序号 | 登录号 | 条形码 | 馆藏地/架位号 | 状态 | 备注 |
| 1 | 0257503 | 002043381 | 第一样本阅览室/ [索取号:C91-06/173] | 在馆 | |
| 2 | 0257504 | 000372518 | 密集书库/ [索取号:C91-06/173] | 在馆 | |
| 3 | 0257505 | 000372509 | 密集书库/ [索取号:C91-06/173] | 在馆 |